000 00458nam a2200181Ia 4500
001 4167
005 20260306145736.0
008 260306t2013||||xx |||||||||||||| ||spa||
041 _aESP
082 _a307.72
_bS79
100 _aStein, William W.
_eAUT
245 0 _aPoder y opresión en los andes:
_b50 años de escritos peruanistas
260 _c2013
300 _a576 páginas :
_c23 cm.
650 _aGEN
654 _aCHU
942 _cLIB
_dJUS
_fJUS
_2ddc
_n
999 _c4167
_d4167